| 000 | 01420nam a2200349 a 4500 | ||
|---|---|---|---|
| 001 | ebr10589998 | ||
| 003 | CaPaEBR | ||
| 006 | m u | ||
| 007 | cr cn||||||||| | ||
| 008 | 750130s1968 fr af sb 000 0 eng d | ||
| 010 | _z 67020711 | ||
| 020 | _z9783111026619 | ||
| 020 | _z9783111387925 (e-book) | ||
| 040 |
_aCaPaEBR _cCaPaEBR |
||
| 035 | _a(OCoLC)300995899 | ||
| 043 | _aa-pp--- | ||
| 050 | 1 | 4 |
_aNB1255.G4 _bB2 1968eb |
| 082 | 0 | 4 | _a731.8/8/999 |
| 100 | 1 | _aBaaren, Theodorus Petrus van. | |
| 245 | 1 | 0 |
_aKorwars and Korwar style _h[electronic resource] : _bart and ancestor worship in North-West New Guinea. / _cTh. P. van Baaren. |
| 260 |
_aParis : _bMouton & Co., _c1968. |
||
| 300 |
_a104 p., [40] p. of plates : _bill. |
||
| 490 | 1 |
_aArt in its context : studies in ethno-aesthetics. Museum series ; _vv. 2 |
|
| 504 | _aIncludes bibliographical references (p. 95-101). | ||
| 533 |
_aElectronic reproduction. _bPalo Alto, Calif. : _cebrary, _d2011. _nAvailable via World Wide Web. _nAccess may be limited to ebrary affiliated libraries. |
||
| 650 | 0 | _aKorwars (Sculpture) | |
| 650 | 0 |
_aSculpture _zAustralia _zGeelvink Bay. |
|
| 655 | 7 |
_aElectronic books. _2local |
|
| 710 | 2 | _aebrary, Inc. | |
| 830 | 0 |
_aArt in its context. _pMuseum series ; _vv. 2. |
|
| 856 | 4 | 0 |
_uhttp://site.ebrary.com/lib/rucke/Doc?id=10589998 _zAn electronic book accessible through the World Wide Web; click to view |
| 999 |
_c209419 _d209419 |
||